| 000 | 01005nam a22003257a 4500 | ||
|---|---|---|---|
| 001 | 0002284 | ||
| 003 | KOHA_MİRAKIL | ||
| 005 | 20260207001309.0 | ||
| 007 | ta | ||
| 008 | 090224b1978 tu |||gr||||#||||0|tur | | ||
| 020 | _cTL0,01 | ||
| 040 |
_aTR-BiSEU _btur _cTR-BiSEU _erda |
||
| 041 | 0 | _atur | |
| 044 | _ctu | ||
| 050 |
_aKKX2101 _b.A76 1978 |
||
| 245 | 0 |
_aArmağan : _bKanun-u Esasi'nin 100. yılı. |
|
| 264 | 1 |
_aAnkara : _bAnlara Ünv. Siyasal Bilgiler Fakültesi _c1978 |
|
| 300 | _axx, 539 sayfa; 24 cm. | ||
| 336 |
_ametin _btxt _2rdacontent |
||
| 337 |
_aaracısız _bn _2rdamedia |
||
| 338 |
_acilt _bnc _2rdacarrier |
||
| 490 | 1 | _aAnkara Üniversitesi. | |
| 490 | 1 |
_aSiyasal Bilgiler Fakültesi yayınları ; _vno.: 423 |
|
| 500 | _aKaynakça var. | ||
| 650 | 0 |
_aConstitutinal history--Turkey. _96712 |
|
| 650 | 0 |
_aAnayasa tarihi--Türkiye. _96713 |
|
| 830 | 1 |
_aAnkara Üniversitesi. _96714 |
|
| 830 | 1 |
_aSiyasal Bilgiler Fakültesi yayınları ; _vno.: 423 _96715 |
|
| 942 |
_2lcc _cBK |
||
| 999 |
_c2271 _d2271 |
||